Bayer 04 Leverkusen Squad 2025-2026 - Statistics

General Stats
  • This quiz has been taken 203 times
    49 since last reset
  • The average score is 22 of 32
Answer Stats
# Position Nation Player % Correct
12 DF Burkina Faso Edmond Tapsoba
100%
14 FW Czech Republic Patrik Schick
100%
20 DF Spain Alejandro Grimaldo
98%
25 MF Argentina Exequiel Palacios
98%
1 GK Netherlands Mark Flekken
93%
10 MF United States Malik Tillman
90%
4 DF England Jarell Quansah
88%
8 MF Germany Robert Andrich
88%
7 MF Germany Jonas Hofmann
83%
24 MF Spain Aleix García
80%
- Coach Netherlands Erik ten Hag
78%
30 MF Algeria Ibrahim Maza
78%
13 DF Brazil Arthur
75%
6 MF Argentina Ezequiel Fernández
73%
28 GK Germany Janis Blaswich
73%
- Coach Denmark Kasper Hjulmand
73%
5 DF France Loïc Badé
73%
11 FW France Martin Terrier
73%
23 MF Nigeria Nathan Tella
70%
17 FW Morocco Eliesse Ben Seghir
68%
19 FW Netherlands Ernest Poku
65%
35 FW Cameroon Christian Kofane
63%
21 DF Spain Lucas Vázquez
60%
18 GK Switzerland Jonas Omlin
55%
9 MF Argentina Claudio Echeverri
50%
36 GK Germany Niklas Lomb
50%
16 DF France Axel Tape
45%
44 DF France Jeanuël Belocian
43%
15 DF Germany Tim Oermann
30%
18 FW Argentina Alejo Sarco
28%
42 FW Germany Montrell Culbreath
28%
41 DF Mali Issa Traoré
15%
No matching quizzes found
Score Distribution
Percent of People with Each Score
Percentile by Number Answered
Your Score History
You have not taken this quiz since the last reset